000 00297nam a2200121 a 4500
005 20140414093834.0
008 030610s19uu xx 00 eng d
050 _aCDR 530
_bMUL 1996
245 _aMultimedia Physics I & II.
650 _aPhysics
_xInteractive.
942 _cAVM
999 _c108931
_d108931